Modeling and simulation of dynamic systems / (Record no. 907)

000 -LEADER
fixed length control field 00649nam a2200217 a 4500
001 - CONTROL NUMBER
control field 907
003 - CONTROL NUMBER IDENTIFIER
control field BD-DhUET
008 - FIXED-LENGTH DATA ELEMENTS--GENERAL INFORMATION
fixed length control field 961108s1997 njua b 001 0 eng
020 ## - INTERNATIONAL STANDARD BOOK NUMBER
International Standard Book Number 0133373797
040 ## - CATALOGING SOURCE
Original cataloging agency DLC
Transcribing agency DLC
Modifying agency BD-DhUET
082 00 - DEWEY DECIMAL CLASSIFICATION NUMBER
Classification number 620.0042
Item number WOO/1997
100 1# - MAIN ENTRY--PERSONAL NAME
Personal name Woods, Robert L.
245 10 - TITLE STATEMENT
Title Modeling and simulation of dynamic systems /
Statement of responsibility, etc. by Robert L. Woods, Kent L. Lawrence.
250 ## - EDITION STATEMENT
Edition statement 1st ed.
260 ## - PUBLICATION, DISTRIBUTION, ETC. (IMPRINT)
Place of publication, distribution, etc. Upper Saddle River, N.J. :
Name of publisher, distributor, etc. Prentice Hall,
Date of publication, distribution, etc. 1997.
300 ## - PHYSICAL DESCRIPTION
Extent xix, 521 p. :
Other physical details ill. ;
Dimensions 24 cm.
504 ## - BIBLIOGRAPHY, ETC. NOTE
Bibliography, etc Includes bibliographies
650 #0 - SUBJECT ADDED ENTRY--TOPICAL TERM
Topical term or geographic name as entry element Engineering-Mathematical models
700 1# - ADDED ENTRY--PERSONAL NAME
Personal name Lawrence, Kent L.
942 ## - ADDED ENTRY ELEMENTS (KOHA)
Koha item type General Book
Holdings
Shelving location Damaged status Koha item type Withdrawn status Piece designation (barcode) Copy number Sublocation or collection (holding branch) Koha normalized classification for sorting Price effective from Not for loan Source of classification or shelving scheme Koha date last borrowed Lost status Koha date last seen Koha full call number Koha issues (times borrowed) Location (home branch) Date acquired
Circulation section General Book 1036171Central Library, BUET620_000000000000000_0042WOO1992014-08-25    2017-01-08620.0042/WOO/1997 Central Library, BUET2014-08-25
Circulation section General Book 1036182Central Library, BUET620_000000000000000_0042WOO1992014-08-25  2019-04-03 2019-05-11620.0042/WOO/19971Central Library, BUET2014-08-25